00297nam a2200133Ia 45000030006000000080041000060400015000471000020000622450033000822500010001152600009001255460012001340050017001460STCL150530s9999 xx 000 0 und d aSTCLcSTCL aJohn Butler, L. aD.H.Lawrence:sons and lovers aFirst c1984 aEnglish20220125170848.0